| 000 | 00681nam a22002297a 4500 | ||
|---|---|---|---|
| 003 | OSt | ||
| 005 | 20140310182238.0 | ||
| 008 | 121115t xxu||||| |||| 00| 0 eng d | ||
| 020 | _a014130314X | ||
| 050 |
_aPZ 7 _b.T3525St 1999 |
||
| 082 |
_aFIC _bT34s |
||
| 100 |
_aThesman, Jean _918823 |
||
| 245 |
_aThe story teller's daughter / _cJean Thesman. |
||
| 260 |
_aNew York : _bPenguin Group, _c1999. |
||
| 300 |
_a180 p. : _c18 cm |
||
| 650 |
_aFathers and Daughters _xFiction. _918824 |
||
| 650 |
_a2. Depressions _x1929 _xFiction. _918825 |
||
| 650 |
_a Family life _xFiction. _918826 |
||
| 650 |
_aCity and town life _xFiction. _918827 |
||
| 942 |
_2lcc _cBK-FIC |
||
| 999 |
_c11074 _d11074 |
||